[Event "SportAccord Blitz w 2014"]
[Site "Beijing CHN"]
[Date "2014.12.13"]
[Round "3.8"]
[White "Ushenina, Anna"]
[Black "Stefanova, Antoaneta"]
[Result "1/2-1/2"]
[WhiteTitle "GM"]
[BlackTitle "GM"]
[WhiteElo "2494"]
[BlackElo "2517"]
[WhiteFideId "14110911"]
[BlackFideId "2902257"]
[EventDate "2014.12.13"]

1. d4 d5 2. Nf3 c6 3. c4 Nf6 4. e3 Bg4 5. Qb3 Qb6 6. Ne5 Bf5 7. Nc3 e6 8. Bd3
Bxd3 9. Nxd3 Nbd7 10. O-O Be7 11. Qa4 Qc7 12. h3 Nb6 13. Qa5 dxc4 14. Ne5 Bd6
15. f4 O-O 16. Bd2 Nfd5 17. Ne4 f6 18. Nf3 Be7 19. Rfc1 Qc8 20. Nc5 f5 21. Ne5
Bxc5 22. dxc5 c3 23. Bxc3 Nd7 24. Nc4 Nxc3 25. Qxc3 Nf6 26. Nd6 Qd7 27. Qd4 Nd5
28. Rd1 b6 29. Nc4 Qc7 30. Ne5 Rfd8 31. Rac1 b5 32. b3 a5 33. Re1 Nb4 34. Qb2
Rd5 35. e4 fxe4 36. Rxe4 Rad8 37. Re2 Rd1+ 38. Rxd1 Rxd1+ 39. Kh2 Qd8 40. a3 Na6
41. Nxc6 Qc7 42. Ne5 Qxc5 43. Rf2 Qe3 44. Qc2 Rc1 45. Qd2 Qxd2 46. Rxd2 h6 47.
Rd6 Nc5 48. b4 axb4 49. axb4 Nb3 50. Rxe6 Nd4 51. Re8+ Kh7 52. Rb8 Rb1 53. Nd3
Rb3 54. Nc5 Rxb4 55. Rb7 Rb1 56. Nd7 b4 57. Nf6+ Kg6 58. Ng4 b3 59. Ne5+ Kh7 60.
Nc4 Rc1 61. Na3 Rf1 62. Rb4 Rxf4 63. Kh1 Rf1+ 64. Kh2 Rd1 65. Nc4 Rc1 66. Nd2
Ne2 67. Nxb3 Rb1 68. Re4 Nc3 69. Rb4 Nd5 70. Rb5 Ne3 71. g4 Rb2+ 72. Kg1 Rg2+
73. Kh1 Rg3 74. Kh2 Nf1+ 75. Kh1 Ne3 76. Kh2 Rf3 77. Nd4 Rf2+ 78. Kh1 Rd2 79.
Nf5 Nxf5 80. Rxf5 Rc2 81. Kg1 Rb2 1/2-1/2

[Event "SportAccord Blitz w 2014"]
[Site "Beijing CHN"]
[Date "2014.12.13"]
[Round "4.1"]
[White "Gunina, Valentina"]
[Black "Muzychuk, Mariya"]
[Result "0-1"]
[WhiteTitle "GM"]
[BlackTitle "IM"]
[WhiteElo "2522"]
[BlackElo "2529"]
[WhiteFideId "4167570"]
[BlackFideId "14114550"]
[EventDate "2014.12.13"]

1. Nf3 Nf6 2. g3 g6 3. Bg2 c5 4. c4 Bg7 5. O-O Nc6 6. d4 cxd4 7. Nxd4 O-O 8. Nc3
Qa5 9. Nb3 Qh5 10. e4 d6 11. Qxh5 Nxh5 12. Nd5 Nf6 13. Bg5 Be6 14. Rad1 Bxd5 15.
cxd5 Ne5 16. f4 Nc4 17. e5 h6 18. Bxf6 exf6 19. Rc1 Ne3 20. Rf3 Nxg2 21. exd6
Nxf4 22. Rxf4 Rfd8 23. Rc7 Rxd6 24. Rd4 f5 25. Rd2 b6 26. Rc6 Rad8 27. Rxd6 Rxd6
28. Kf2 Be5 29. Ke3 Kg7 30. Nc1 g5 31. Ne2 b5 32. Nd4 f4+ 33. gxf4 Bxf4+ 34. Ke4
Rd8 35. Rc2 Re8+ 36. Kf3 Re3+ 37. Kg2 Rd3 38. Nxb5 Rxd5 39. Nxa7 Ra5 40. Nc6
Rxa2 41. Kf3 f6 42. Re2 h5 43. Ne7 Kf7 44. Nf5 Be5 45. h4 g4+ 46. Ke4 Rxb2 47.
Re1 Rb4+ 48. Kd5 Rf4 49. Ne3 Rd4+ 50. Kc5 Rd2 51. Nc4 Rc2 52. Kd5 Bg3 53. Rf1
Rc3 54. Ra1 Rd3+ 55. Ke4 Rd7 56. Ne3 Be5 57. Ra4 Kg6 58. Nf5 Rb7 59. Rc4 Rb1 60.
Ne7+ Kf7 61. Nf5 Re1+ 62. Kd5 Kg6 63. Ne7+ Kf7 64. Nf5 g3 65. Rc2 Rd1+ 66. Ke4
Re1+ 67. Kd5 Rf1 68. Ne3 Rf2 69. Rc1 Bf4 70. Re1 Bxe3 71. Rxe3 g2 72. Rg3 f5 73.
Rg5 f4 74. Kd6 f3 0-1

[Event "SportAccord Blitz w 2014"]
[Site "Beijing CHN"]
[Date "2014.12.13"]
[Round "4.2"]
[White "Ju, Wenjun"]
[Black "Cramling, Pia"]
[Result "1/2-1/2"]
[WhiteTitle "GM"]
[BlackTitle "GM"]
[WhiteElo "2568"]
[BlackElo "2518"]
[WhiteFideId "8603006"]
[BlackFideId "1700030"]
[EventDate "2014.12.13"]

1. Nf3 Nf6 2. g3 d5 3. Bg2 c6 4. O-O Bg4 5. d3 Nbd7 6. Nbd2 e6 7. e4 Be7 8. h3
Bh5 9. b3 O-O 10. Bb2 a5 11. a3 Qc7 12. Qe1 Rac8 13. Nh4 dxe4 14. dxe4 Ne8 15.
f4 Bxh4 16. gxh4 f6 17. e5 f5 18. Qe3 Nb6 19. c4 Rd8 20. Bf3 Bxf3 21. Nxf3 h6
22. Rad1 Nc8 23. Rd3 Rf7 24. Nd4 Rfd7 25. Rfd1 Qb6 26. Kh2 Kf7 27. Qe2 c5 28.
Nb5 Rxd3 29. Rxd3 Rxd3 30. Qxd3 Qc6 31. Bc3 b6 32. Kg3 g6 33. a4 Ke7 34. Bd2 Qh1
35. Nc3 Qg1+ 36. Kf3 Qh1+ 37. Kg3 Qg1+ 38. Kf3 Qh1+ 39. Kg3 Qg1+ 1/2-1/2

[Event "SportAccord Blitz w 2014"]
[Site "Beijing CHN"]
[Date "2014.12.13"]
[Round "4.3"]
[White "Koneru, Humpy"]
[Black "Khotenashvili, Bela"]
[Result "1/2-1/2"]
[WhiteTitle "GM"]
[BlackTitle "GM"]
[WhiteElo "2581"]
[BlackElo "2504"]
[WhiteFideId "5008123"]
[BlackFideId "13602640"]
[EventDate "2014.12.13"]

1. d4 Nf6 2. c4 g6 3. Nc3 Bg7 4. e4 d6 5. h3 O-O 6. Be3 Nbd7 7. Nf3 c5 8. Be2
cxd4 9. Bxd4 a6 10. O-O b6 11. e5 dxe5 12. Nxe5 Nxe5 13. Bxe5 Be6 14. b3 Qc8 15.
Bf3 Ra7 16. Qe2 Nd7 17. Bxg7 Kxg7 18. Rfd1 Nf6 19. Qe3 Qb8 20. Rd4 Rd7 21. Rad1
Rfd8 22. Na4 Rxd4 23. Rxd4 Rxd4 24. Qxd4 b5 25. Nc5 bxc4 26. Nxe6+ fxe6 27. Qxc4
Qd6 28. b4 Nd5 29. a3 Nc7 30. Be2 e5 31. a4 e6 32. g3 Kf6 33. h4 h6 34. Bd3 g5
35. hxg5+ hxg5 36. Qe4 Ke7 37. Qh7+ Kd8 38. Qg8+ Kd7 39. Qh7+ Kc8 40. b5 axb5
41. axb5 Kb7 42. Qe4+ Kb6 43. Qe3+ Qd4 44. Qe2 Nd5 45. Qd2 g4 46. Qe2 Nc3 47.
Qc2 e4 48. Bf1 e3 49. fxe3 Qxe3+ 50. Qf2 Qxf2+ 51. Kxf2 Nxb5 52. Be2 Nd4 53.
Bxg4 Kc5 54. Ke3 Kd5 55. Bxe6+ Ke5 1/2-1/2

[Event "SportAccord Blitz w 2014"]
[Site "Beijing CHN"]
[Date "2014.12.13"]
[Round "4.5"]
[White "Paehtz, Elisabeth"]
[Black "Ushenina, Anna"]
[Result "1/2-1/2"]
[WhiteTitle "IM"]
[BlackTitle "GM"]
[WhiteElo "2485"]
[BlackElo "2494"]
[WhiteFideId "4641833"]
[BlackFideId "14110911"]
[EventDate "2014.12.13"]

1. e4 c5 2. Nc3 a6 3. f4 b5 4. Nf3 Bb7 5. d3 e6 6. g3 d5 7. e5 h5 8. Bg2 Nh6 9.
d4 Nf5 10. Ne2 Nc6 11. c3 b4 12. O-O Qb6 13. h3 cxd4 14. cxd4 Ncxd4 15. Nfxd4
Bc5 16. Kh2 Bxd4 17. Nxd4 Qxd4 18. Qa4+ Kf8 19. Qb3 a5 20. a3 g6 21. Rd1 Qf2 22.
Rf1 Qd4 23. Rd1 Qf2 24. Rf1 Qd4 25. Rd1 1/2-1/2

[Event "SportAccord Blitz w 2014"]
[Site "Beijing CHN"]
[Date "2014.12.13"]
[Round "4.6"]
[White "Hou, Yifan"]
[Black "Muzychuk, Anna"]
[Result "1/2-1/2"]
[WhiteTitle "GM"]
[BlackTitle "GM"]
[WhiteElo "2673"]
[BlackElo "2545"]
[WhiteFideId "8602980"]
[BlackFideId "14111330"]
[EventDate "2014.12.13"]

1. e4 d5 2. exd5 Nf6 3. d4 Nxd5 4. c4 Nb6 5. Nc3 e5 6. dxe5 Qxd1+ 7. Nxd1 Nc6 8.
f4 Be6 9. Ne3 Bc5 10. Nf3 O-O-O 11. Ng5 Nb4 12. a3 Nd3+ 13. Bxd3 Rxd3 14. Nxe6
fxe6 15. Ke2 Rhd8 16. Rd1 Rxd1 17. Nxd1 Nxc4 18. b3 Na5 19. Rb1 Nc6 20. b4 Bg1
21. Be3 Bxh2 22. Kf2 g5 23. g3 gxf4 24. Bxf4 Rd3 25. Kg2 Bxg3 26. Bxg3 Rxa3 27.
Nf2 a5 28. bxa5 Rxa5 29. Rh1 Rd5 30. Ng4 Rd7 31. Nf6 Rd2+ 32. Kf3 Rd3+ 33. Kg4
b5 34. Rxh7 b4 35. Ne8 Rd7 36. Rxd7 Kxd7 37. Nf6+ Kc8 38. Ne4 b3 39. Nd2 b2 40.
Kf4 Nd4 41. Ke3 Nf5+ 42. Kf2 Nxg3 43. Kxg3 Kd7 44. Kf3 Kc6 45. Ke4 Kc5 46. Nb1
Kc4 47. Ke3 c5 48. Kd2 Kd5 49. Kc2 Kxe5 50. Kxb2 Kd4 51. Kc2 e5 52. Nd2 e4 53.
Nb3+ Kd5 54. Kc3 e3 55. Nc1 Ke4 56. Kc4 Kf3 57. Kxc5 e2 58. Nxe2 Kxe2 1/2-1/2

[Event "SportAccord Blitz w 2014"]
[Site "Beijing CHN"]
[Date "2014.12.13"]
[Round "4.7"]
[White "Kosintseva, Tatiana"]
[Black "Dzagnidze, Nana"]
[Result "1/2-1/2"]
[WhiteTitle "GM"]
[BlackTitle "GM"]
[WhiteElo "2483"]
[BlackElo "2570"]
[WhiteFideId "4133471"]
[BlackFideId "13601903"]
[EventDate "2014.12.13"]

1. e4 e6 2. d4 d5 3. Nc3 Bb4 4. e5 c5 5. a3 Bxc3+ 6. bxc3 Ne7 7. Qg4 Qc7 8. Qxg7
Rg8 9. Qxh7 cxd4 10. Ne2 Nbc6 11. f4 dxc3 12. Nxc3 Nd4 13. Bb2 Ndf5 14. O-O-O
Bd7 15. Nb5 Qc5 16. Nd6+ Nxd6 17. exd6 Qxd6 18. g3 Rc8 19. Bd3 Ba4 20. Rhe1 Qc5
21. Re2 Bb5 22. f5 Bxd3 23. Rxd3 Rg4 24. fxe6 fxe6 25. Qh5+ Rg6 26. Bd4 Qc4 27.
Kb2 Kd7 28. Qh7 Rc6 29. Red2 Rg4 30. Rc3 Qb5+ 31. Rb3 Qa6 32. Qh5 Re4 33. Qf3 b5
34. Bf6 Rec4 35. Bxe7 Kxe7 36. Rf2 Qc8 37. Qf6+ Kd6 38. Qg6 Rc3 39. Re2 Rxb3+
40. cxb3 Qh8+ 41. Ka2 Qc8 42. Qd3 a6 43. Kb2 Qh8+ 44. Ka2 Qc3 45. Qxc3 Rxc3 46.
Kb2 Rf3 47. Rg2 d4 48. h4 Ke7 49. g4 Kf6 50. g5+ Kg6 51. Re2 Kf5 52. Rg2 Kg6 53.
Re2 Kf5 54. Rg2 Kg6 55. Re2 1/2-1/2

[Event "SportAccord Blitz w 2014"]
[Site "Beijing CHN"]
[Date "2014.12.13"]
[Round "4.8"]
[White "Harika, Dronavalli"]
[Black "Zhao, Xue"]
[Result "1/2-1/2"]
[WhiteTitle "GM"]
[BlackTitle "GM"]
[WhiteElo "2505"]
[BlackElo "2514"]
[WhiteFideId "5015197"]
[BlackFideId "8601283"]
[EventDate "2014.12.13"]

1. Nf3 Nf6 2. c4 b6 3. g3 c5 4. Bg2 Bb7 5. O-O g6 6. Nc3 Bg7 7. e3 O-O 8. d4
cxd4 9. exd4 d5 10. Ne5 e6 11. Bg5 h6 12. Bxf6 Bxf6 13. cxd5 exd5 14. Qb3 Nc6
15. Nxc6 Bxc6 16. Rad1 Qd6 17. Bxd5 Bxd5 18. Qxd5 Qb4 19. Qb3 Qxb3 20. axb3 Rfd8
21. d5 Rac8 22. Rd3 Be5 23. f4 Bd6 24. Kg2 Kg7 25. Ne4 Bb4 26. Rf2 Rd7 27. f5
Rcd8 28. fxg6 fxg6 29. Rc2 g5 30. Rc4 Bf8 31. d6 Kg6 32. b4 Re8 33. Kf3 Red8 34.
b5 Bg7 35. b3 Be5 36. Rd5 Bg7 37. Kg2 Kf7 38. Rd1 Be5 39. Rc6 Ke6 40. Re1 Kf5
41. h3 h5 42. Re2 g4 43. hxg4+ hxg4 44. Rc4 Bxd6 45. Nxd6+ Rxd6 46. Rf4+ Kg5 47.
Re5+ Kh6 48. Rxg4 Rd5 49. Re6+ Kh7 50. Re7+ Kh6 51. Re6+ Kh7 52. Rh4+ Kg7 53.
Re7+ Kf6 54. Rxa7 Rxb5 55. b4 Rg5 56. Rb7 b5 57. Rb6+ Kg7 58. Re4 Rd3 59. g4 Rd7
60. Kg3 Rgd5 61. Rbe6 Kf7 62. R6e5 Kf6 63. Rxd5 Rxd5 64. Kh4 Kg6 65. Re6+ Kf7
66. Rb6 Kg7 67. Rb7+ Kg6 68. Rb6+ Kf7 69. Kg3 Rd3+ 70. Kh4 Rd5 71. g5 Rd4+ 72.
Kh5 Rxb4 73. Rb7+ Kf8 74. Kg6 Rg4 75. Rb8+ Ke7 76. Rxb5 Kf8 77. Rb8+ Ke7 78. Kh6
Kf7 79. g6+ Rxg6+ 80. Kh5 1/2-1/2

[Event "SportAccord Blitz w 2014"]
[Site "Beijing CHN"]
[Date "2014.12.13"]
[Round "5.1"]
[White "Muzychuk, Mariya"]
[Black "Ju, Wenjun"]
[Result "0-1"]
[WhiteTitle "IM"]
[BlackTitle "GM"]
[WhiteElo "2529"]
[BlackElo "2568"]
[WhiteFideId "14114550"]
[BlackFideId "8603006"]
[EventDate "2014.12.13"]

1. e4 c5 2. Nf3 d6 3. Bb5+ Nc6 4. O-O Bd7 5. Re1 Nf6 6. c3 a6 7. Bxc6 Bxc6 8. d4
Bxe4 9. Bg5 Bd5 10. Nbd2 e6 11. c4 Bxf3 12. Qxf3 cxd4 13. Qxb7 Qc8 14. Qf3 Be7
15. Nb3 h6 16. Bh4 O-O 17. Rac1 Rb8 18. Rc2 Qb7 19. Qxb7 Rxb7 20. Nxd4 g5 21.
Bg3 Rc8 22. b3 d5 23. cxd5 Rxc2 24. Nxc2 Nxd5 25. Be5 f6 26. Bb2 Kf7 27. Kf1 Rc7
28. Ne3 Nb4 29. Ba3 Nd3 30. Rd1 Nxf2 31. Kxf2 Bxa3 32. Nc4 Bc5+ 33. Kf3 e5 34.
Rd8 Ke6 35. Ra8 Rc6 36. Rh8 Kf5 37. Rxh6 e4+ 38. Ke2 Rc7 39. h3 Rc6 40. g3 Bd4
41. Rh7 Kg6 42. Rd7 Bc5 43. Rd8 Re6 44. Rc8 Bd4 45. Rd8 Bc5 46. Rc8 Ba7 47. Rg8+
Kf7 48. Rc8 Kg6 49. Rc7 Bb8 50. Rb7 Bxg3 51. Ra7 f5 52. Ra8 f4 53. Rg8+ Kf6 54.
Rf8+ Kg7 55. Rf5 Kg6 56. Rd5 f3+ 57. Ke3 Bf4+ 58. Kf2 Re8 59. Ra5 Re6 60. Rd5
Re8 61. Ra5 Re6 62. Rd5 Kh5 63. Rd8 Rh6 64. Re8 Kg6 65. Rxe4 Rxh3 66. Re6+ Kf5
67. Rxa6 g4 68. Ra5+ Ke4 69. Ra4 g3+ 70. Kg1 f2+ 71. Kg2 Rh2+ 72. Kf1 Rh1+ 0-1

[Event "SportAccord Blitz w 2014"]
[Site "Beijing CHN"]
[Date "2014.12.13"]
[Round "5.2"]
[White "Zhao, Xue"]
[Black "Gunina, Valentina"]
[Result "1/2-1/2"]
[WhiteTitle "GM"]
[BlackTitle "GM"]
[WhiteElo "2514"]
[BlackElo "2522"]
[WhiteFideId "8601283"]
[BlackFideId "4167570"]
[EventDate "2014.12.13"]

1. d4 d5 2. c4 c6 3. Nc3 Nf6 4. e3 e6 5. Nf3 a6 6. Qc2 c5 7. cxd5 exd5 8. Be2
Nc6 9. O-O cxd4 10. exd4 Bd6 11. Rd1 O-O 12. Bg5 Be6 13. a3 Rc8 14. h3 h6 15.
Bh4 Be7 16. Ne5 Nxe5 17. dxe5 Ne4 18. Bxe7 Qxe7 19. Bf3 Nxc3 20. bxc3 Rc5 21.
Qb2 Rfc8 22. Rd3 b5 23. Re1 Qc7 24. Ree3 Rd8 25. Qd2 Qa5 26. Qb2 Rdc8 27. Qb4
Qc7 28. Qb2 Rd8 29. Qd2 Qa5 30. Qb2 Rc4 31. Rd4 Rdc8 32. Rxc4 Rxc4 33. Rd3 Rc5
34. Qb4 Qc7 35. Qd4 Bf5 36. Re3 Be6 37. Qd2 a5 38. Bd1 Qe7 39. Bb3 a4 40. Ba2
Qc7 41. Bb1 Rc4 42. Qb2 Qc5 43. Bd3 d4 44. cxd4 Rxd4 45. Bxb5 Rd1+ 46. Kh2 Bb3
47. Be2 Rd4 48. Qc3 Qd5 49. Bd3 g6 50. Be2 Rf4 51. Bf3 Qe6 52. Qc6 Qxc6 53. Bxc6
Rxf2 54. Re4 Ra2 55. Bxa4 Bd5 56. Rg4 Rxa3 57. Bc2 Re3 58. Rg3 Rxe5 59. Rd3 Kg7
60. Rd2 Bc6 61. Kg3 Rg5+ 62. Kh2 h5 63. Rd6 Bxg2 64. h4 Rc5 65. Bxg6 fxg6 66.
Kxg2 Rc3 67. Ra6 Kf7 68. Rb6 Re3 69. Rc6 Re6 70. Rc5 Kf6 71. Kg3 Re5 72. Rc6+
Kf5 73. Rc3 Re4 74. Rf3+ Ke5 75. Rf1 Re3+ 76. Kh2 Ra3 77. Rf8 Rb3 78. Kg2 Rb4
79. Kg3 Rg4+ 80. Kh3 Rf4 81. Re8+ Kf5 82. Rf8+ Ke4 83. Rg8 Rg4 84. Rf8 Ke3 85.
Rf6 Ke4 86. Rf8 Rf4 87. Rg8 Rf6 88. Ra8 Rf3+ 89. Kg2 Rf4 90. Kh3 Kf3 91. Ra3+
Kf2 92. Ra2+ Kf3 93. Ra3+ Ke4 94. Ra8 Rf3+ 95. Kg2 Rd3 96. Ra6 Kf5 97. Ra5+ Kf4
98. Ra4+ Ke5 99. Ra6 Rd6 100. Ra5+ Kf4 101. Rg5 Re6 102. Kf2 Ra6 103. Kg2 Ra2+
104. Kg1 Ra6 105. Kg2 Ke4 106. Kg1 Rf6 107. Kg2 Ke3 108. Kg1 Ke2 109. Kg2 Rf2+
110. Kg1 Rf1+ 111. Kg2 Rf6 112. Kg3 Kf1 113. Ra5 Re6 114. Ra1+ Ke2 115. Ra2+ Ke3
116. Ra3+ Ke4 117. Ra5 Re5 118. Ra8 Rd5 119. Re8+ Kf5 120. Rf8+ Ke6 121. Kh3 Rf5
122. Ra8 Rf3+ 123. Kg2 Rf4 124. Kg3 Rg4+ 125. Kh3 Rd4 126. Ra5 Rd5 127. Ra8 Kf5
128. Rf8+ Ke4 129. Rf6 1/2-1/2

[Event "SportAccord Blitz w 2014"]
[Site "Beijing CHN"]
[Date "2014.12.13"]
[Round "5.3"]
[White "Dzagnidze, Nana"]
[Black "Harika, Dronavalli"]
[Result "0-1"]
[WhiteTitle "GM"]
[BlackTitle "GM"]
[WhiteElo "2570"]
[BlackElo "2505"]
[WhiteFideId "13601903"]
[BlackFideId "5015197"]
[EventDate "2014.12.13"]

1. d4 Nf6 2. c4 d6 3. Nf3 Nbd7 4. Nc3 e5 5. dxe5 Nxe5 6. b3 Nxf3+ 7. exf3 g6 8.
Bd3 Bg7 9. O-O O-O 10. Bb2 d5 11. Nxd5 Nxd5 12. Bxg7 Kxg7 13. cxd5 Qxd5 14. Qc2
c6 15. Rad1 Qe5 16. Rfe1 Qf6 17. b4 Be6 18. a4 Rfd8 19. a5 Rd4 20. a6 bxa6 21.
Bxa6 Rb8 22. Qc5 Rxd1 23. Rxd1 Qb2 24. Qd4+ Qxd4 25. Rxd4 Kf6 26. g4 Ke5 27.
Re4+ Kd6 28. h3 c5 29. bxc5+ Kxc5 30. Be2 a5 31. Re5+ Kb4 32. Re4+ Kb3 33. Kg2
Rb4 34. Re3+ Kb2 35. Bd1 a4 36. Bxa4 Rxa4 37. Kg3 Ra3 38. Re5 Kc2 39. h4 Kd2 40.
h5 Rd3 41. hxg6 hxg6 42. Ra5 Bd5 43. Kh4 Bxf3 44. Ra7 Bd5 45. f4 Ke2 46. Kg5 Bb3
47. f5 gxf5 48. Kxf5 Be6+ 49. Kg5 Rd4 50. Kf6 Rxg4 51. Rb7 Rf4+ 52. Ke5 Rf1 53.
Rb2+ Kd3 54. Rh2 Rf5+ 55. Kd6 Ra5 56. Rg2 Ke4 57. Re2+ Kf3 58. Rb2 Ba2 59. Rh2
f5 60. Rh3+ Kg2 61. Rh5 Bb1 62. Ke6 Be4 63. Kf6 Kg3 64. Rg5+ Kh4 65. Rg1 f4 66.
Re1 Bg2 0-1

[Event "SportAccord Blitz w 2014"]
[Site "Beijing CHN"]
[Date "2014.12.13"]
[Round "5.4"]
[White "Muzychuk, Anna"]
[Black "Kosintseva, Tatiana"]
[Result "1-0"]
[WhiteTitle "GM"]
[BlackTitle "GM"]
[WhiteElo "2545"]
[BlackElo "2483"]
[WhiteFideId "14111330"]
[BlackFideId "4133471"]
[EventDate "2014.12.13"]

1. e4 c5 2. Nf3 Nc6 3. Bb5 g6 4. Bxc6 dxc6 5. d3 Bg7 6. h3 e5 7. Nc3 Qe7 8. Be3
Nf6 9. Qd2 h6 10. O-O Nd7 11. Nh2 Nf8 12. f4 exf4 13. Bxf4 Ne6 14. Bg3 Bd7 15.
Nf3 Nd4 16. e5 Bf5 17. Rae1 O-O-O 18. Ne4 Bxe4 19. Rxe4 Nf5 20. Bf2 h5 21. b4
cxb4 22. Rxb4 b6 23. Rfb1 c5 24. Rc4 Bh6 25. Qc3 Be3 26. a4 Bxf2+ 27. Kxf2 g5
28. a5 Kc7 29. Qa3 Rb8 30. d4 g4 31. dxc5 b5 32. Rf4 gxf3 33. Rxf5 fxg2 34. e6
f6 35. Qg3+ Kc8 36. Rd1 Qxe6 37. Rfd5 Rg8 38. Qf3 g1=Q+ 39. Rxg1 Rxg1 40. Kxg1
Kc7 41. Qf4+ Kc8 42. Rd8+ Kxd8 43. Qxb8+ Ke7 44. Qxa7+ Kf8 45. Qb8+ Kg7 46. Qg3+
Kh6 47. Qf4+ Kg6 48. Kf2 Qa2 49. Qe4+ Kh6 50. c6 Qxa5 51. Qd4 Kg6 52. Qc5 Qd2+
53. Kf3 Qd1+ 54. Ke4 Qe2+ 55. Kd5 Qf3+ 56. Kd6 Qf4+ 57. Kd7 Qd2+ 58. Qd6 1-0

[Event "SportAccord Blitz w 2014"]
[Site "Beijing CHN"]
[Date "2014.12.13"]
[Round "5.5"]
[White "Ushenina, Anna"]
[Black "Hou, Yifan"]
[Result "1-0"]
[WhiteTitle "GM"]
[BlackTitle "GM"]
[WhiteElo "2494"]
[BlackElo "2673"]
[WhiteFideId "14110911"]
[BlackFideId "8602980"]
[EventDate "2014.12.13"]

1. d4 e6 2. Nf3 Nf6 3. e3 c5 4. Bd3 d5 5. c3 Nc6 6. O-O Bd6 7. Nbd2 O-O 8. dxc5
Bxc5 9. b4 Bd6 10. Bb2 e5 11. e4 dxe4 12. Nxe4 Nxe4 13. Bxe4 Be6 14. a3 Rc8 15.
Rc1 b5 16. Re1 Ne7 17. Ng5 Bf5 18. Qd3 h6 19. Bxf5 Nxf5 20. Ne4 Rc4 21. Nxd6
Nxd6 22. Rxe5 Qf6 23. Rxb5 Qf4 24. Rd5 Rc6 25. Qd4 Qxd4 26. cxd4 Rxc1+ 27. Bxc1
Rc8 28. Be3 Ne4 29. Ra5 Rc7 30. d5 Nd6 31. g3 Nc4 32. Rc5 Rxc5 33. bxc5 Kf8 34.
c6 Ke7 35. Bxa7 Kd6 36. a4 Kxd5 37. c7 Nd6 38. Bb6 Nc8 39. a5 f5 1-0

[Event "SportAccord Blitz w 2014"]
[Site "Beijing CHN"]
[Date "2014.12.13"]
[Round "5.7"]
[White "Khotenashvili, Bela"]
[Black "Stefanova, Antoaneta"]
[Result "0-1"]
[WhiteTitle "GM"]
[BlackTitle "GM"]
[WhiteElo "2504"]
[BlackElo "2517"]
[WhiteFideId "13602640"]
[BlackFideId "2902257"]
[EventDate "2014.12.13"]

1. d4 d5 2. Nc3 Nf6 3. Bf4 c5 4. e3 cxd4 5. exd4 a6 6. h3 Nc6 7. Nf3 Bf5 8. Bd3
Bxd3 9. Qxd3 e6 10. g4 Bd6 11. Be3 Rc8 12. g5 Nb4 13. Qd1 Ne4 14. Bd2 Qc7 15. a3
Nc6 16. Qe2 Nxd2 17. Qxd2 Bf4 18. Qd3 O-O 19. Ne2 b5 20. Rg1 Na5 21. c3 Nc4 22.
Rb1 a5 23. h4 b4 24. axb4 axb4 25. h5 f5 26. b3 Na3 27. Ra1 Bd6 28. Kf1 bxc3 29.
Kg2 c2 30. Rgc1 Bf4 31. Rxa3 Bxc1 32. Nxc1 Qf4 33. Qd2 Qg4+ 34. Kf1 Qxf3 35. Ke1
Qh1+ 36. Ke2 Qxh5+ 37. Ke1 Qh1+ 38. Ke2 f4 39. Ra7 f3+ 40. Ke3 Qg1 0-1

[Event "SportAccord Blitz w 2014"]
[Site "Beijing CHN"]
[Date "2014.12.13"]
[Round "5.8"]
[White "Cramling, Pia"]
[Black "Koneru, Humpy"]
[Result "1/2-1/2"]
[WhiteTitle "GM"]
[BlackTitle "GM"]
[WhiteElo "2518"]
[BlackElo "2581"]
[WhiteFideId "1700030"]
[BlackFideId "5008123"]
[EventDate "2014.12.13"]

1. Nf3 d5 2. d4 Nf6 3. c4 e6 4. Nc3 Bb4 5. Qa4+ Nc6 6. Bg5 h6 7. Bxf6 Qxf6 8. e3
O-O 9. Be2 Bd7 10. Qb3 dxc4 11. Qxc4 Bd6 12. O-O e5 13. Ne4 Qg6 14. Nxd6 Qxd6
15. dxe5 Nxe5 16. Qc3 Nxf3+ 17. Bxf3 c6 18. Rfd1 Qe7 19. b4 Rfd8 20. Rd4 Be6 21.
a3 Rxd4 22. Qxd4 a5 23. Qc5 Qf6 24. Rd1 axb4 25. axb4 Qb2 26. Qd4 Ra2 27. e4 Bb3
28. Qxb2 Rxb2 29. Ra1 Be6 30. h4 Rxb4 31. Ra8+ Kh7 32. Rb8 g6 33. e5 Bd5 34.
Bxd5 cxd5 35. Kf1 Kg7 36. Ke2 b5 37. g3 h5 38. Kd3 d4 39. Ke4 Rb1 40. Kxd4 b4
41. Ke4 b3 42. Kf4 b2 43. f3 Kh7 44. Rb7 Kg8 45. Rb8+ Kg7 46. Rb7 Kf8 47. Kg5
Rf1 48. Rxb2 Rxf3 49. Rg2 Rf5+ 50. Kh6 Rxe5 51. g4 Ke7 52. g5 Re4 53. Rh2 Ke6
54. Kg7 Rf4 55. Re2+ Kd6 56. Re1 Kd7 57. Re2 Kd6 58. Re1 Kd7 59. Re2 Kd8 60. Re1
Kd7 61. Re2 Kd6 62. Re1 1/2-1/2

[Event "SportAccord Blitz w 2014"]
[Site "Beijing CHN"]
[Date "2014.12.13"]
[Round "6.1"]
[White "Hou, Yifan"]
[Black "Kosintseva, Tatiana"]
[Result "1-0"]
[WhiteTitle "GM"]
[BlackTitle "GM"]
[WhiteElo "2673"]
[BlackElo "2483"]
[WhiteFideId "8602980"]
[BlackFideId "4133471"]
[EventDate "2014.12.13"]

1. e4 e5 2. Nf3 Nc6 3. Bb5 a6 4. Ba4 Nf6 5. O-O Be7 6. Re1 b5 7. Bb3 d6 8. c3
O-O 9. h3 Nb8 10. d4 Nbd7 11. Nbd2 Bb7 12. Bc2 Re8 13. Nf1 Bf8 14. Ng3 g6 15. a4
c6 16. Bg5 Bg7 17. Qd2 Qe7 18. b3 Rac8 19. axb5 cxb5 20. d5 Rc7 21. Be3 Rec8 22.
Ne2 Nc5 23. Ng3 Ncd7 24. Ne2 Nc5 25. Bxc5 Rxc5 26. Bd3 Qf8 27. b4 R5c7 28. Ra3
Nd7 29. Qc2 Nb6 30. Nd2 f5 31. exf5 Nxd5 32. fxg6 Kh8 33. Qb3 Nf4 34. Nxf4 Qxf4
35. Ne4 Bxe4 36. Bxe4 hxg6 37. Bxg6 Bf6 38. Qe6 Rf8 39. Rf1 Rg7 40. Qf5 Qxf5 41.
Bxf5 Bg5 42. Be4 Rc7 43. Rxa6 Rxc3 44. Rxd6 Rc4 45. Bd3 Rxb4 46. Rd5 Bf6 47.
Rxb5 Rd4 48. Be2 e4 49. Rh5+ Kg7 50. Rf5 Rd2 51. Bg4 Rb8 52. Rc1 Rb7 53. Re1 Rb4
54. Rf4 Rdd4 55. Bf5 Rb2 56. Rfxe4 Rdd2 57. Rf1 Bc3 58. Rf4 Be5 59. Rf3 Re2 60.
g3 Bd4 61. Kg2 Red2 62. h4 Kh6 63. g4 Bb6 64. Be6 Kg7 65. g5 Rd4 66. Kh3 Rbb4
67. Rf7+ Kh8 68. Rf8+ Kg7 69. Rg8+ Kh7 70. g6+ Kh6 71. Bf5 Rxh4+ 72. Kg2 Bd4 73.
Kg3 Be5+ 74. Kg2 Rh2+ 75. Kg1 Rbh4 76. Re8 Bd4 77. Be4 R2h3 78. Bg2 Ra3 79. Re4
Rxe4 80. Bxe4 Ra2 81. Kg2 Kg7 82. Kg3 Ra3+ 83. f3 Bf6 84. Rh1 Be5+ 85. Kg4 Kf6
86. Rh7 Ra1 87. Rf7+ Ke6 88. Bf5+ Kd6 89. Rd7+ Kc6 90. Rd3 Rg1+ 91. Kh5 Bf6 92.
f4 Rh1+ 93. Bh3 Rg1 94. Kh6 Kc5 95. Kh7 Kc4 96. Rf3 Kd4 97. Bf5 Rh1+ 98. Kg8 Kd5
99. Rd3+ Kc4 100. Rf3 Rg1 101. Kf7 Bd4 102. Be6+ Kc5 103. f5 Ra1 104. f6 Kd6
105. g7 Ra7+ 106. Kg6 1-0

[Event "SportAccord Blitz w 2014"]
[Site "Beijing CHN"]
[Date "2014.12.13"]
[Round "6.2"]
[White "Harika, Dronavalli"]
[Black "Muzychuk, Anna"]
[Result "0-1"]
[WhiteTitle "GM"]
[BlackTitle "GM"]
[WhiteElo "2505"]
[BlackElo "2545"]
[WhiteFideId "5015197"]
[BlackFideId "14111330"]
[EventDate "2014.12.13"]

1. d4 Nf6 2. Nf3 c5 3. e3 d5 4. Bb5+ Bd7 5. Bxd7+ Nbxd7 6. O-O e6 7. c4 cxd4 8.
exd4 dxc4 9. Qa4 Rc8 10. Na3 a6 11. Bg5 Bxa3 12. Qxa3 Qe7 13. Qa5 O-O 14. Rac1
Qd6 15. a4 Nd5 16. Rc2 Qb4 17. Qxb4 Nxb4 18. Rc3 Nd5 19. Rc2 b5 20. Nd2 N7b6 21.
axb5 axb5 22. Ne4 b4 23. Rfc1 b3 24. Re2 Rc6 25. g3 h6 26. Bd2 Ra8 27. Nc3 Na4
28. Nxd5 exd5 29. Bb4 Re6 30. Rd2 Nb6 31. Kf1 Ra2 32. Bc3 Na4 33. h4 Nxc3 34.
Rxc3 Ra1+ 35. Kg2 Ree1 36. Rf3 Rac1 37. Re3 Rxe3 38. fxe3 Rc2 39. Rf2 Rxf2+ 0-1